000 01012nam a22001697a 4500
003 SGT
020 _a9780748761623
082 _a547,NOR
100 _aNORMAN R.O.C.
245 _aPRINCIPLE OF ORGANIC SYNTHESIS
250 _a3RD
260 _aNEW DELHI
_bCRC PRESS
_c2014
300 _a811
650 _aORGANIC CHEMISTRY
653 _a CHEMICAL THERMODYNAMICS. MOLECULAR STRUCTURE. CHEMICAL KINETICS. MECHANISM. STEREOCHEMISTRY. FORMATION OF CARBON-CARBON BONDS. FORMATION OF ALIPHATIC CARBON-CARBON BONDS. PERICYCLIC REACTIONS. FORMATION OF ALIPHATIC CARBON-NITROGEN BONDS. ELECTROPHILIC AROMATIC SUBSTITUTION. NUCLEOPHILIC AROMATIC SUBSTITUTION. AROMATIC DIAZONIUM SALTS. MOLECULAR REARRANGEMENTS. REAGENTS CONTAINING PHOSPHORUS, SULFUR, SILICON OR BORON. PHOTOCHEMICAL REACTIONS. FREE-RADICAL REACTIONS. ORGANOTRANSITION AND REAGENTS. OXIDATION. REDUCTION. THE SYNTHESIS OF FIVE- AND SIX-MEMBERED HETEROCYCLIC COMPOUNDS. THE SYNTHESES OF SOME NATURALLY OCURRING COMPOUNDS. INDEX
942 _2ddc
_cFPS
999 _c9476
_d9476